Регионална библиотека "Любен Каравелов" - Русе

Исус Христос (Запис номер 48885)

MARC детайли
000 -Лидер
Контролно поле с фиксирана дължина nam a22 a 4500
003 - Код на организацията, давaща контролен номер
Контролно поле BLK
005 - Дата и час на последна редакция
Контролно поле 20230426112702.0
008 - Елементи от данни с фиксирана дължина
fixed length control field 180408b bul|||||r ||||||| ||bul||
010 ## - Наследен системен номер
LC control number KNG00052705000
020 ## - Международен стандартен номер на книга ISBN
Международен стандартен номер на книга ISBN 954-624-
040 ## - Източник на каталожния запис
Идентификатор на билиотеката - собственик на записа BLK
041 ## - Код за език
Код за езика на текст/звукозапис или на отделно заглавие Български
Код за езика КДБФ Български
080 ## - УДК
Текстов определител УДК Френска литература
УДК код - определител по УДК 821.133.1
УДК определител -31
УДК - код + определител 821.133.1-31
100 1# - Редна дума - Автор
Автор Мориак, Франсоа
Авторска отговорност първи автор
R(LIN) 99119
139 ## - Редно поле
Редна дума Мориак, Франсоа
Авторски знак Мор - М 89
245 10 - Сведения за заглавието
Заглавие Исус Христос
Подзаглавни данни Роман
Редно поле (дума) Франсоа Мориак; прев. от фр. Катя Генева; ред. Елена Матева.
257 ## - Страна на издаване
Страна на създаване/издаване България
260 ## - Област на издателските данни
Място на издаване, разпространение и проч. [София]
Име на издателя, разпространителя и проч. Лебед
Година на издаване 1993
300 ## - Физическа характеристика
Страници 232 с.
Размери/Мащаб 20 см
380 ## - Жанр
Жанр Худож. лит.
500 ## - Общи забележки
Забележка Ориг. загл. Vie de Jesus / Francois Mauriac.
700 1# - Други автори (авторска отговорност)
Лично име Генева, Катя
Автороска отговорност (Описва отношението между автора и произведението) прев. от фр.
9 (RLIN) 282370
700 1# - Други автори (авторска отговорност)
Лично име Матева, Елена
Автороска отговорност (Описва отношението между автора и произведението) ред.
9 (RLIN) 282371
852 ## - Местоположение
Форматна сигнатура Цб 173889
Фондова буква Хранилище
856 4# - Електронен адрес и достъп
Електронен формат pdf - файл
Инструкция (цена за достъп) 0.00
Права за достъп disable
856 4# - Електронен адрес и достъп
Електронен формат pdf - файл
Инструкция (цена за достъп) 0.00
Права за достъп disable
999 ## - СИСТЕМНИ КОНТРОЛНИ НОМЕРА
Koha biblionumber 48885
Koha biblioitemnumber 48885
942 ## - АРТИКУЛИ
Вид на библиотечния материал Книги
Скрит в OPAC Не
Периодичен библиозапис Да
944 ## - СЪЗДАВАНЕ И РЕДАКЦИЯ на ЗАПИСА
Създаване/Редакция Създаване
Дата на регистрацията/редакция 19.01.2017
Служител, извършил регистрацията/редакцията Станимира_Цанева
944 ## - СЪЗДАВАНЕ И РЕДАКЦИЯ на ЗАПИСА
Създаване/Редакция Редакция
Дата на регистрацията/редакция 19.01.2017
Служител, извършил регистрацията/редакцията Станимира_Цанева
999 ## - СИСТЕМНИ КОНТРОЛНИ НОМЕРА
Koha biblioitemnumber 48885
Наличности
Код за отписване Код за изгубен артикул Източник на класификационната схема Код за повреда Коз за рестрикции Код за отдаване Артикулен № Име на библиотеката - собственик Име на библиотеката, в която се намира в момента Статус (Текущо местоположение) Дата на вписване в системата Местоположение - отдел Цена в лева Инвентарен номер Систематично азбучна сигнатура Баркод Номер на екземпляра Цена в евро Служебна бележка Служебен тип на артикула
  Не е изгубен Universal Decimal Classification Не е повреден без рестрикции ползва се в читалня 76618 Регионална библиотека "Любен Каравелов" Русе Регионална библиотека "Любен Каравелов" Русе Хранилище 1993-01-01 Хранилище 0.70 581273 Цб 173889 120000581273 1 0.36 N: стар фонд Дата: 01.01.1993 Книги
Vip Innovations Ltd, Rousse, Bulgaria 2025